Modelovanie výkonnosti podnikov pre potreby strategického manažmentu

Meranie strategickej výkonnosti podnikov. Funkcie merania strategickej výkonnosti. Tri fázy zavádzania systémov na meranie výkonnosti podnikov. 1. Návrh mier výkonnosti. 2. Implementácia mier výkonnosti. 3. Využívanie mier výkonnosti. Prieskum, ako slovenské podniky využívajú systémy merania výkonno...

ver descrição completa

Na minha lista:
Detalhes bibliográficos
Autor principal: Dubovická, Lenka
Formato: Capítulo de Livro
Idioma:eslovaco
Assuntos:
Tags: Adicionar Tag
Sem tags, seja o primeiro a adicionar uma tag!

MARC

LEADER 00000naa$a2200000$$$4500
001 0050954
005 20240502071605.1
041 0 |a slo 
044 |a SK 
245 1 0 |a Modelovanie výkonnosti podnikov pre potreby strategického manažmentu  |c Lenka Dubovická 
520 |a Meranie strategickej výkonnosti podnikov. Funkcie merania strategickej výkonnosti. Tri fázy zavádzania systémov na meranie výkonnosti podnikov. 1. Návrh mier výkonnosti. 2. Implementácia mier výkonnosti. 3. Využívanie mier výkonnosti. Prieskum, ako slovenské podniky využívajú systémy merania výkonnosti. Výsledky prieskumu. 
610 2 0 |a podnik 
610 2 0 |a výkonnosť 
610 2 0 |a výkony podnikové 
610 2 0 |a hospodárnosť 
610 2 0 |a rentabilita 
610 2 0 |a procesy podnikové 
610 2 0 |a metóda BSC 
610 2 0 |a riadenie strategické 
100 1 |a Dubovická, Lenka